Examination concessions to ex-service candidates (Record no. 114830)

MARC details
000 -LEADER
fixed length control field 00546cam a22001815a 4500
001 - CONTROL NUMBER
control field L157548
008 - FIXED-LENGTH DATA ELEMENTS--GENERAL INFORMATION
fixed length control field 130115s1946 xxk f 000 0 eng d
035 ## - SYSTEM CONTROL NUMBER
System control number (Sirsi) u157548
041 0# - LANGUAGE CODE
Language code of text/sound track or separate title eng
110 2# - MAIN ENTRY--CORPORATE NAME
Corporate name or jurisdiction name as entry element Chartered Surveyors' Institution
9 (RLIN) 2274
245 00 - TITLE STATEMENT
Title Examination concessions to ex-service candidates
260 ## - PUBLICATION, DISTRIBUTION, ETC.
Place of publication, distribution, etc. London
Name of publisher, distributor, etc. RICS
Date of publication, distribution, etc. [1946]
300 ## - PHYSICAL DESCRIPTION
Extent [5] l.
Dimensions 22 cm.
520 ## - SUMMARY, ETC.
Summary, etc. Sets out the examination arrangements for ex-service candidates.
651 #4 - SUBJECT ADDED ENTRY--GEOGRAPHIC NAME
Geographic name Great Britain
Chronological subdivision 1707-
690 ## - LOCAL SUBJECT ADDED ENTRY--TOPICAL TERM (OCLC, RLIN)
Topical term or geographic name as entry element Business and management
942 ## - ADDED ENTRY ELEMENTS (KOHA)
Suppress in OPAC 0
Holdings
Withdrawn status Lost status Source of classification or shelving scheme Damaged status Not for loan Home library Current library Shelving location Date acquired Total Checkouts Full call number Barcode Date last seen Copy number Price effective from Koha item type
    Dewey Decimal Classification     Historic collection Historic collection RICS Boxes 15/01/2013   RICS 1946/2 30078069 06/08/2019 1 06/08/2019 Archive